Sports Quiz

Random Sports or Clickable Quiz

Summer Olympics All-Time Medals Count Quiz Stats

 Plays Quiz not verified by Sporcle

Score 0/10 Timer 05:00
0 Plays Today
% Correct
United States of America
96.8%
Russia
76.6%
France
67.7%
Germany
66.9%
Great Britain
64.5%
China
63.7%
Australia
56.5%
Italy
46%
Sweden
37.9%
Hungary
29%

You're not logged in!

Compare scores with friends on all Sporcle quizzes.
OR
Log In

Sporcle TV

Today on Sporcle TV


Watch our educational content, quiz creation guides, and fun videos on Sporcle TV.

Show Comments

Extras

Top Quizzes Today


Score Distribution

Your Account Isn't Verified!

In order to create a playlist on Sporcle, you need to verify the email address you used during registration. Go to your Sporcle Settings to finish the process.

Report this User

Report this user for behavior that violates our Community Guidelines.

Details: